Essential of food science / (Record no. 138379)

MARC details
000 -LEADER
fixed length control field 00507nam a22001817a 4500
005 - DATE AND TIME OF LATEST TRANSACTION
control field 20170321153321.0
010 ## - LCCN (DPL NO)
LC control number ENG-117536
020 ## - INTERNATIONAL STANDARD BOOK NUMBER
International Standard Book Number 9789382632122
Terms of availability 675.00
035 ## - SYSTEM CONTROL NUMBER
System control number EN-101068
037 ## - SOURCE OF ACQUISITION
Source of stock number/acquisition DBAD/PUB
082 ## - DEWEY DECIMAL CLASSIFICATION NUMBER
Classification number 664
100 ## - MAIN ENTRY--PERSONAL NAME
Personal name Singh, Laxmi
245 ## - TITLE STATEMENT
Title Essential of food science /
Statement of responsibility, etc by Laxmi Singh
260 ## - PUBLICATION, DISTRIBUTION, ETC. (IMPRINT)
Place of publication, distribution, etc Allahabad
Name of publisher, distributor, etc Aprajita Publication
Date of publication, distribution, etc 2015
270 ## - ADDRESS
Address 5, Khusro bagh Road
City Allahabad
Postal code 211001
300 ## - PHYSICAL DESCRIPTION
Extent 224p.
Dimensions 21cm(Hb)
942 ## - ADDED ENTRY ELEMENTS (KOHA)
Source of classification or shelving scheme Dewey Decimal Classification
Item type English Books
Classification part 664
Call number suffix SIN
Holdings
Withdrawn status Lost status Not for loan Collection code Home library Current library Date acquired Source of acquisition Cost, normal purchase price Full call number Barcode Copy number Cost, replacement price Koha item type
      Non-fiction Shahdara Branch Shahdara Branch 21/03/2017 DBAD/PUB 675.00 664 SIN EN-101068 1 675.00 English Books

© Delhi Public Library
Hit Counter
free hit counter